| 000 | 00493cam a2200193ua 4500 | ||
|---|---|---|---|
| 001 | 5743 | ||
| 008 | 131009n ii |||gr||||Z||||||eng | ||
| 020 | _a0-7069-9145-1 | ||
| 040 | _cMAIN | ||
| 082 | _a954 | ||
| 245 | 1 | 1 |
_aMedieval History of India _cBy Meera Singh |
| 250 | _a2nd rev. ed. | ||
| 260 |
_aDelhi: _bVikas Publishing House Pvt. Ltd., _c1996. |
||
| 300 | _axi,423p. | ||
| 653 | _aHistory | ||
| 653 | _aMedieval History of India | ||
| 700 | 1 |
_aSingh,Meera, _eAuthor., |
|
| 942 | _cBK | ||
| 999 |
_c4901 _d4901 |
||